FORENSIC MENTAL HEALTH NURSING (Record no. 10913)

MARC details
000 -LEADER
fixed length control field 00314nam a22001457a 4500
003 - CONTROL NUMBER IDENTIFIER
control field SGT
020 ## - INTERNATIONAL STANDARD BOOK NUMBER
International Standard Book Number 978-81-239-1748-1
082 ## - DEWEY DECIMAL CLASSIFICATION NUMBER
Classification number 614.1
Item number F09W
100 ## - MAIN ENTRY--PERSONAL NAME
Personal name WOOD, PHIL
245 ## - TITLE STATEMENT
Title FORENSIC MENTAL HEALTH NURSING
260 ## - PUBLICATION, DISTRIBUTION, ETC. (IMPRINT)
Place of publication, distribution, etc INDIA
Name of publisher, distributor, etc CBS
Year of Publication 2009
300 ## - PAGE DESCRIPTION
No. of Pages 241
650 ## - SUBJECT ADDED ENTRY--TOPICAL TERM
Topical term or geographic name as entry element FORENSIC
942 ## - ADDED ENTRY ELEMENTS (KOHA)
Source of classification or shelving scheme Dewey Decimal Classification
Koha item type Books
Holdings
Withdrawn status Lost status Source of classification or shelving scheme Damaged status Not for loan Collection code Home library Current library Shelving location Date acquired Vendor Name Cost, normal purchase price SGTU Bill Number Total Checkouts Full call number Accession No. (Barcode) Date last seen Bill Date Koha item type Date last borrowed
    Dewey Decimal Classification     NURSING SGT Medical Library SGT Medical Library Text Book 13/02/2017 ABC 395.00 SGTU 7429   614.1 F09W FN3316 13/02/2017 04/11/2016 Books  
    Dewey Decimal Classification     NURSING SGT Medical Library SGT Medical Library Text Book 13/02/2017 ABC 395.00 SGTU 7429   614.1 F09W FN3317 13/02/2017 04/11/2016 Books  
    Dewey Decimal Classification     NURSING SGT Medical Library SGT Medical Library Text Book 13/02/2017 ABC 395.00 SGTU 7429   614.1 F09W FN3318 13/02/2017 04/11/2016 Books  
    Dewey Decimal Classification     NURSING SGT Medical Library SGT Medical Library Text Book 13/02/2017 ABC 395.00 SGTU 7429 1 614.1 F09W FN3319 18/06/2025 04/11/2016 Books 26/05/2025
    Dewey Decimal Classification     NURSING SGT Medical Library SGT Medical Library Text Book 13/02/2017 ABC 395.00 SGTU 7429   614.1 F09W FN3320 13/02/2017 04/11/2016 Books